000 00697nam a2200253Ia 4500
005 20250425162157.0
008 250425s9999 xx 000 0 und d
020 _a8477382107
041 _aspa
043 _asp
082 _a658.15937
_pALT
100 _aAltes Machín, Carmen
245 0 _aMarketing y turismo
_cCarmen Altés Machín
250 _aPrimera edición
_bSegunda reimpresión
260 _aMadrid
_bSINTESIS
_c1997
300 _a286 páginas
_bilustraciones
_c23 cm.
650 _aMarketing turístico
650 _aPlan de Marketing
650 _aPlanificación Estratégica
650 _aTurismo
902 _aMonográfico
_cImpreso
942 _c01
010 _a54444
999 _c223898
_d223898